[Event "12th Philadelphia International"]
[Site "Philadelphia"]
[Date "2018.06.28"]
[Round "1.1"]
[White "Kovalyov, Anton"]
[Black "Oconnor, Derek"]
[Result "1-0"]
[WhiteElo "2651"]
[BlackElo "2245"]
[PlyCount "85"]
[EventDate "2018.06.??"]
[EventType "swiss"]
[EventRounds "9"]
[EventCountry "USA"]

1. c4 Nf6 2. Nf3 g6 3. d4 Bg7 4. e3 O-O 5. Be2 d6 6. Nc3 c6 7. O-O a6 8. b3
Nbd7 9. Qc2 Qc7 10. a4 a5 11. Ba3 Rd8 12. Rfd1 Nb8 13. b4 axb4 14. Bxb4 Na6 15.
Ba3 Qa5 16. h3 Bd7 17. Nd2 c5 18. Nb3 Qc7 19. Nb5 Qc8 20. Bd3 b6 21. Nd2 Nc7
22. Bb2 Ra6 23. Bc3 cxd4 24. exd4 Ne6 25. Qb3 Nf4 26. Bf1 g5 27. Re1 Re8 28.
Bb2 Ra8 29. Re3 Ng6 30. Rae1 Bc6 31. d5 Bxb5 32. axb5 h6 33. Nf3 Nd7 34. Bxg7
Kxg7 35. Nd4 Nc5 36. Qc2 e6 37. dxe6 fxe6 38. Be2 Nf4 39. Bf3 Ra7 40. Nf5+ exf5
41. Rxe8 Qd7 42. Qc3+ Kf7 43. Qh8 1-0

[Event "12th Philadelphia International"]
[Site "Philadelphia"]
[Date "2018.06.28"]
[Round "1.2"]
[White "Lin, Dachey"]
[Black "Sevian, Samuel"]
[Result "0-1"]
[WhiteElo "2240"]
[BlackElo "2624"]
[PlyCount "98"]
[EventDate "2018.06.??"]
[EventType "swiss"]
[EventRounds "9"]
[EventCountry "USA"]

1. c4 e5 2. g3 Nc6 3. Bg2 Bc5 4. Nc3 a6 5. e3 d6 6. Nge2 Ba7 7. d4 h5 8. b3 h4
9. Bb2 Nf6 10. Qd2 Bd7 11. h3 hxg3 12. fxg3 Rb8 13. Nd5 exd4 14. exd4 Nxd5 15.
cxd5 Ne7 16. Nf4 Nf5 17. O-O O-O 18. Nh5 Re8 19. Qf4 Qe7 20. Qg4 g6 21. Kh2 Ne3
22. Qxd7 gxh5 23. Qa4 Nxf1+ 24. Rxf1 Qg5 25. Bc1 Qg6 26. Qd7 Bxd4 27. Qxc7 Rbc8
28. Qd7 Rcd8 29. Qc7 Rc8 30. Qd7 Be5 31. Bf4 Rcd8 32. Qc7 Bxf4 33. Rxf4 b5 34.
g4 Rc8 35. Qd7 Rcd8 36. Qc7 h4 37. g5 Qg7 38. Rf5 Rf8 39. Qe7 Rfe8 40. Qc7 Rc8
41. Qd7 b4 42. Rf4 Rcd8 43. Qc7 a5 44. Rf5 Rf8 45. Qe7 Qc3 46. Kh1 Rde8 47.
Qxd6 Re1+ 48. Kh2 Qd4 49. Bf1 Rc8 0-1

[Event "12th Philadelphia International"]
[Site "Philadelphia"]
[Date "2018.06.28"]
[Round "1.3"]
[White "Lenderman, Aleksandr"]
[Black "Feng, Maggie"]
[Result "1-0"]
[WhiteElo "2615"]
[BlackElo "2236"]
[PlyCount "112"]
[EventDate "2018.06.??"]
[EventType "swiss"]
[EventRounds "9"]
[EventCountry "USA"]

1. Nf3 d5 2. e3 e6 3. c4 c6 4. b3 f5 5. Ba3 Bxa3 6. Nxa3 Nf6 7. Qc1 O-O 8. Be2
Nbd7 9. Qb2 Qe7 10. d4 Qb4+ 11. Nd2 Ne4 12. Nab1 Nxd2 13. Nxd2 b6 14. cxd5 exd5
15. O-O Bb7 16. g3 Qe7 17. Bd3 c5 18. Rfe1 Rac8 19. Rac1 Qg5 20. Nf3 Qh5 21.
Be2 Qh6 22. Bb5 Nf6 23. Ne5 a6 24. Be2 Ne4 25. Bf1 Rfe8 26. Bg2 Qd6 27. f3 Ng5
28. Qa3 Ne6 29. f4 Red8 30. dxc5 bxc5 31. Qa5 Qe7 32. Qd2 Ba8 33. Qd3 g6 34.
Qxa6 Bb7 35. Qe2 Kg7 36. Red1 d4 37. e4 fxe4 38. Bxe4 Bxe4 39. Qxe4 Qd6 40. Nc4
Qc6 41. Qxc6 Rxc6 42. Rd2 Kf6 43. Ne5 Ra6 44. Nd3 Rc8 45. Kg2 Ra3 46. Rc4 Rca8
47. Rcc2 Rc8 48. Ne5 Rd8 49. Kf3 h5 50. Ke4 Ra6 51. Nd3 Re8 52. Kf3 Rc8 53. Rc4
Rca8 54. Rcc2 Rc8 55. h3 Rc7 56. g4 hxg4+ 1-0

[Event "12th Philadelphia International"]
[Site "Philadelphia"]
[Date "2018.06.28"]
[Round "1"]
[White "Guo, Arthur"]
[Black "Sadorra, Julio Catalino"]
[Result "0-1"]
[WhiteElo "2165"]
[BlackElo "2546"]
[PlyCount "150"]
[EventDate "2018.06.??"]
[EventType "swiss"]
[EventRounds "9"]
[EventCountry "USA"]

1. b3 e5 2. Bb2 d6 3. e3 f5 4. d4 e4 5. c4 Nf6 6. Nc3 c6 7. Nh3 d5 8. c5 Ng4 9.
Nf4 Qh4 10. g3 Qh6 11. Ncxd5 cxd5 12. Nxd5 Kd8 13. b4 Nf6 14. Nc3 Nc6 15. a3
Be7 16. Be2 Re8 17. d5 Ne5 18. d6 Bf8 19. Nb5 Nd3+ 20. Bxd3 exd3 21. Qxd3 Re4
22. Nc3 Bd7 23. Nxe4 fxe4 24. Qc4 Qh5 25. h3 Qe8 26. O-O-O a5 27. Rd4 Kc8 28.
Qc3 g6 29. bxa5 Bc6 30. Rhd1 Nd7 31. Rc4 Qf7 32. Qc2 Rxa5 33. Bd4 Rxa3 34. Kb2
Ra7 35. Ra1 Rxa1 36. Kxa1 Bg7 37. Kb2 Bxd4+ 38. Rxd4 Qf5 39. Rc4 Ne5 40. Rc3
Nd3+ 41. Kb1 Qxh3 42. Qd1 Qf5 43. Qb3 Qf8 44. Qe6+ Kb8 45. Rc2 Qe8 46. Qxe8+
Bxe8 47. Rc4 Bc6 48. Kc2 Nxf2 49. Kc3 Kc8 50. Kd4 Ng4 51. Rc1 Kd7 52. Rf1 Ke6
53. Rf8 Nh6 54. Rh8 Nf5+ 55. Kc3 h5 56. Rg8 Kf7 57. Rc8 Nxg3 58. Rc7+ Ke6 59.
Re7+ Kf6 60. Rh7 h4 61. Rxh4 Kg7 62. Rh3 Nf5 63. Kd2 g5 64. Rh5 Kg6 65. Rh8 Kf6
66. Rc8 g4 67. Rc7 g3 68. Ke2 Ke6 69. Rh7 Bb5+ 70. Ke1 Nxe3 71. Rxb7 Nc2+ 72.
Kd2 Nd4 73. Rg7 Nf5 74. Rg4 e3+ 75. Kd1 Ke5 0-1

[Event "12th Philadelphia International"]
[Site "Philadelphia"]
[Date "2018.06.29"]
[Round "1"]
[White "Chasin, Nico"]
[Black "Perske, Thore"]
[Result "1/2-1/2"]
[WhiteElo "2123"]
[BlackElo "2464"]
[PlyCount "286"]
[EventDate "2018.06.??"]
[EventType "swiss"]
[EventRounds "9"]
[EventCountry "USA"]

1. d4 Nf6 2. c4 g6 3. f3 Bg7 4. e4 d6 5. Nc3 O-O 6. Be3 Nc6 7. Nge2 a6 8. d5
Ne5 9. Nd4 c5 10. Nb3 e6 11. Be2 exd5 12. cxd5 b5 13. Nd2 b4 14. Ncb1 Bd7 15.
a3 a5 16. axb4 axb4 17. Rxa8 Qxa8 18. O-O Qa1 19. Qc2 Qa2 20. Re1 Rb8 21. Nc4
Ba4 22. Qc1 Ne8 23. Nbd2 Nxc4 24. Nxc4 Bb3 25. e5 Bxe5 26. Nxe5 dxe5 27. d6 Be6
28. Bxc5 Rc8 29. Qe3 Qxb2 30. Bb5 Nf6 31. Qxe5 Qxe5 32. Rxe5 b3 33. Ba3 Rb8 34.
Bb2 Nd5 35. Bc4 Nf4 36. Bxe6 Nxe6 37. Rd5 Kf8 38. d7 Ke7 39. g3 Rb7 40. Rd3 f5
41. Ba3+ Kd8 42. Bb2 Rxd7 43. Bf6+ Ke8 44. Rxb3 Rd1+ 45. Kf2 Rd2+ 46. Kg1 Kf7
47. Be5 Rd7 48. h4 h6 49. Rb2 Nc5 50. Bf4 Kg7 51. Rc2 Ne6 52. Be3 g5 53. hxg5
hxg5 54. Rc6 Kf7 55. Ra6 Rd3 56. Kf2 Rb3 57. Rb6 Ra3 58. Rb7+ Kf6 59. Rb6 Ra2+
60. Kf1 Ke7 61. Rb7+ Kd6 62. Rb6+ Ke7 63. Rb7+ Kf6 64. Rb6 g4 65. fxg4 fxg4 66.
Bf4 Rc2 67. Rb4 Kf5 68. Rb5+ Rc5 69. Rxc5+ Nxc5 70. Kg2 Ke4 71. Bd2 Kd3 72. Bf4
Ke2 73. Bd6 Nd3 74. Bb8 Ne1+ 75. Kg1 Kf3 76. Kf1 Nd3 77. Kg1 Nf2 78. Bc7 Ne4
79. Kh2 Nd2 80. Kg1 Nc4 81. Bb8 Ne3 82. Bc7 Nf5 83. Kh2 Kf2 84. Bb8 Kf1 85. Ba7
Nd6 86. Bb6 Nc4 87. Ba7 Nd2 88. Bb6 Nf3+ 89. Kh1 Ne1 90. Kh2 Nd3 91. Bc7 Nc1
92. Kh1 Nb3 93. Bf4 Kf2 94. Kh2 Nd4 95. Bc7 Nc2 96. Bb8 Ne3 97. Ba7 Kf3 98. Kg1
Nf5 99. Bb8 Nxg3 100. Kh2 Nf1+ 101. Kg1 Ne3 102. Kh2 Nf5 103. Kg1 Ne7 104. Kh2
Nc6 105. Bc7 Ne7 106. Bb8 Nd5 107. Kg1 Nf6 108. Kh2 Ne4 109. Kg1 Nd2 110. Bc7
Nb1 111. Bb8 Nc3 112. Bc7 Ke4 113. Kg2 Kf5 114. Bb8 Ne4 115. Bc7 Kg5 116. Bb8
Kh5 117. Kh2 Nc3 118. Kg2 Nd5 119. Kh2 Kh4 120. Bg3+ Kg5 121. Bb8 Ne3 122. Bc7
Nf5 123. Kg2 Nd4 124. Bb8 Ne6 125. Kf2 Kh4 126. Kg2 Nd4 127. Bg3+ Kg5 128. Bb8
Ne2 129. Bc7 Nf4+ 130. Bxf4+ Kxf4 131. Kf2 Kg5 132. Kg3 Kh5 133. Kg2 Kh4 134.
Kh2 g3+ 135. Kg2 Kg4 136. Kg1 Kf4 137. Kg2 Kg4 138. Kg1 Kf3 139. Kf1 Ke3 140.
Kg2 Kf4 141. Kg1 Kf3 142. Kf1 g2+ 143. Kg1 Kg3 1/2-1/2

[Event "12th Philadelphia International"]
[Site "Philadelphia"]
[Date "2018.06.28"]
[Round "1"]
[White "Kumar, Naman"]
[Black "Panchanatham, Vignesh"]
[Result "0-1"]
[WhiteElo "2100"]
[BlackElo "2431"]
[PlyCount "154"]
[EventDate "2018.06.??"]
[EventType "swiss"]
[EventRounds "9"]
[EventCountry "USA"]

1. e4 e6 2. d4 d5 3. Nc3 Nf6 4. e5 Nfd7 5. f4 c5 6. Nf3 Nc6 7. Be3 a6 8. Qd2
Qb6 9. O-O-O Qa5 10. dxc5 Nxc5 11. Nd4 Bd7 12. Kb1 b5 13. Nxc6 Bxc6 14. Ne2
Qxd2 15. Rxd2 f5 16. Bxc5 Bxc5 17. Nd4 Bxd4 18. Rxd4 Ke7 19. Be2 h6 20. Bf3 g5
21. g3 Rag8 22. Kc1 Be8 23. Kd2 h5 24. Ke2 gxf4 25. gxf4 h4 26. Rdd1 Bh5 27.
Bxh5 Rxh5 28. Rdg1 Rhh8 29. Kf3 Kf7 30. c3 Rxg1 31. Rxg1 Rc8 32. Ke3 Rc4 33.
Rf1 a5 34. Kd3 b4 35. h3 bxc3 36. bxc3 Ra4 37. Rf2 Ke7 38. Ke3 Re4+ 39. Kd3 Kd7
40. a3 Ra4 41. Rg2 Rxf4 42. Rg7+ Ke8 43. Ra7 a4 44. Ra8+ Kd7 45. Ra7+ Kc6 46.
Ra6+ Kc5 47. Rxe6 Rf3+ 48. Kc2 Rxh3 49. Ra6 Rh1 50. e6 h3 51. e7 Re1 52. Rxa4
Rxe7 53. Ra5+ Kc4 54. Ra4+ Kb5 55. Rh4 Re3 56. a4+ Ka5 57. c4 Re4 58. Rxh3 dxc4
59. Rh5 Rf4 60. Kd2 Kxa4 61. Ke3 Re4+ 62. Kd2 Rd4+ 63. Kc3 Rf4 64. Rh8 Kb5 65.
Rb8+ Kc5 66. Rc8+ Kd5 67. Rd8+ Ke5 68. Re8+ Kf6 69. Rf8+ Kg5 70. Rg8+ Kh4 71.
Rg1 Rg4 72. Rf1 Kg5 73. Rf2 Re4 74. Rf1 f4 75. Rg1+ Kf5 76. Rf1 Kg4 77. Rg1+
Kh3 0-1

[Event "12th Philadelphia International"]
[Site "Philadelphia"]
[Date "2018.06.28"]
[Round "1"]
[White "Polgar-Shutzman, Tom"]
[Black "Pedersen, Christian Kyndel"]
[Result "0-1"]
[WhiteElo "2081"]
[BlackElo "2426"]
[PlyCount "71"]
[EventDate "2018.06.??"]
[EventType "swiss"]
[EventRounds "9"]
[EventCountry "USA"]

1. e4 c5 2. Nf3 d6 3. Bb5+ Bd7 4. Bxd7+ Qxd7 5. O-O Nc6 6. c3 Nf6 7. d4 Nxe4 8.
d5 Nb8 9. Re1 Nf6 10. c4 g6 11. Nc3 Bg7 12. Qe2 Na6 13. h3 Nc7 14. Bf4 b5 15.
cxb5 O-O 16. Rad1 Rfe8 17. a4 Rab8 18. Qd3 a6 19. Ra1 axb5 20. axb5 Nxb5 21.
Ra5 Nc7 22. Ra7 Rb4 23. Bd2 Ra8 24. Rea1 Rxa7 25. Rxa7 Qc8 26. Rxc7 Qxc7 27.
Nb5 Qb7 28. Bxb4 cxb4 29. Qc4 Nxd5 30. Nfd4 Bf6 31. b3 Nc3 32. Nxc3 bxc3 33.
Nc6 d5 34. Qxd5 c2 35. Qc5 Qxb3 36. Kh2 0-1

[Event "12th Philadelphia International"]
[Site "Philadelphia"]
[Date "2018.06.28"]
[Round "1"]
[White "Sandhya Goli"]
[Black "Mulyar, Michael"]
[Result "0-1"]
[WhiteElo "2021"]
[BlackElo "2385"]
[PlyCount "98"]
[EventDate "2018.06.??"]
[EventType "swiss"]
[EventRounds "9"]
[EventCountry "USA"]

1. e4 e5 2. Nf3 Nc6 3. Bc4 Nf6 4. d3 Be7 5. c3 O-O 6. O-O d5 7. exd5 Nxd5 8. h3
Nb6 9. Bb3 Bf5 10. Bc2 Qd6 11. Qe2 Rad8 12. Rd1 Qg6 13. Kh1 e4 14. dxe4 Rxd1+
15. Qxd1 Bxe4 16. Bxe4 Qxe4 17. Be3 Nd5 18. Nbd2 Qe6 19. Bd4 Nf4 20. Nb3 Qg6
21. Qf1 Nd3 22. Qe2 Nf4 23. Qf1 Qh5 24. Nbd2 Nxd4 25. Nxd4 Bc5 26. N2f3 Qd5 27.
Nb3 Bb6 28. Rd1 Qh5 29. Ng1 Bxf2 30. Qxf2 Nxh3 31. Nxh3 Qxd1+ 32. Kh2 Qd6+ 33.
Qg3 Rd8 34. Nf4 c5 35. Ne2 b6 36. Qxd6 Rxd6 37. c4 f5 38. g3 Kf7 39. Kg2 g5 40.
Kf2 h5 41. Ke3 Rh6 42. Nbc1 h4 43. gxh4 Rxh4 44. b3 Rh3+ 45. Kf2 f4 46. Kg2 Re3
47. Kf2 Kf6 48. Kf1 Kf5 49. Kf2 g4 0-1

[Event "12th Philadelphia International"]
[Site "Philadelphia"]
[Date "2018.06.28"]
[Round "1"]
[White "Niemann, Hans"]
[Black "Xu, Arthur"]
[Result "1/2-1/2"]
[WhiteElo "2313"]
[BlackElo "1910"]
[PlyCount "75"]
[EventDate "2018.06.??"]
[EventType "swiss"]
[EventRounds "9"]
[EventCountry "USA"]

1. d4 d5 2. c4 Nc6 3. cxd5 Qxd5 4. e3 e5 5. Nc3 Bb4 6. Bd2 Bxc3 7. bxc3 Qd6 8.
Bd3 Nf6 9. Ne2 O-O 10. Ng3 Rd8 11. Be2 Ne7 12. O-O Nf5 13. Qc2 Nxg3 14. hxg3 c5
15. Rad1 Be6 16. dxe5 Qxe5 17. c4 Bf5 18. Qc3 Qe6 19. Bc1 Ne4 20. Qb3 b6 21.
Rxd8+ Rxd8 22. Rd1 Rxd1+ 23. Qxd1 Qd7 24. Qb3 f6 25. Bf3 Kf8 26. a4 Nd2 27.
Bxd2 Qxd2 28. Bd5 Qb4 29. Qd1 Qb1 30. Qxb1 Bxb1 31. Bc6 Bd3 32. Bb5 Ke7 33. f3
Kd6 34. Kf2 Kc7 35. e4 Kb7 36. Ke3 Bf1 37. Kf2 Bd3 38. Ke3 1/2-1/2

[Event "12th Philadelphia International"]
[Site "Philadelphia"]
[Date "2018.06.28"]
[Round "1"]
[White "Sarkar, Justin"]
[Black "Obiamiwe, Paul"]
[Result "1-0"]
[WhiteElo "2297"]
[BlackElo "1914"]
[PlyCount "53"]
[EventDate "2018.06.??"]
[EventType "swiss"]
[EventRounds "9"]
[EventCountry "USA"]

1. d4 Nf6 2. c4 g6 3. g3 Bg7 4. Bg2 O-O 5. Nc3 d6 6. Nf3 Nc6 7. O-O Rb8 8. b3
a6 9. e3 b5 10. Nd2 Bg4 11. Bf3 Bxf3 12. Qxf3 Nb4 13. Rb1 Nd3 14. cxb5 axb5 15.
b4 Nxc1 16. Rfxc1 Qd7 17. Nb3 Rfc8 18. Rc2 Qh3 19. Rbc1 Bh6 20. Nd5 Nxd5 21.
Qxd5 Qd7 22. Nc5 Qd8 23. Na6 e6 24. Qc6 Ra8 25. Qxb5 Ra7 26. Qb6 Rca8 27. Nxc7
1-0

[Event "12th Philadelphia International"]
[Site "Philadelphia"]
[Date "2018.06.28"]
[Round "1"]
[White "Jin, Derek"]
[Black "Colas, Joshua"]
[Result "0-1"]
[WhiteElo "1810"]
[BlackElo "2285"]
[PlyCount "86"]
[EventDate "2018.06.??"]
[EventType "swiss"]
[EventRounds "9"]
[EventCountry "USA"]

1. e4 c5 2. Nf3 e6 3. d4 cxd4 4. Nxd4 a6 5. Bd3 Nf6 6. O-O Qc7 7. Qe2 d6 8. Kh1
Nc6 9. Nxc6 bxc6 10. f4 d5 11. e5 Nd7 12. Be3 Be7 13. Nd2 g6 14. c4 O-O 15.
Rac1 Qb7 16. Nb3 a5 17. cxd5 cxd5 18. Rc2 a4 19. Nd2 a3 20. b3 Nb8 21. Rfc1 Na6
22. Nf3 Qb8 23. Rxc8 Rxc8 24. Bxa6 Rxc1+ 25. Bxc1 Qc7 26. Be3 Qc3 27. Bd4 Qc1+
28. Qf1 Qc2 29. Bd3 Qxa2 30. Qd1 Rb8 31. Bc2 Rb4 32. Ne1 Bd8 33. g3 Ba5 34. Ba1
Rb8 35. Nf3 Rc8 36. Nd4 Bb6 37. Bd3 Qf2 38. Nc2 h5 39. h3 Qxg3 40. Qf1 Be3 41.
f5 Bf4 42. Qe2 Qxh3+ 43. Kg1 Rxc2 0-1

[Event "12th Philadelphia International"]
[Site "Philadelphia"]
[Date "2018.06.29"]
[Round "2.1"]
[White "Yoo, Christopher Woojin"]
[Black "Kovalyov, Anton"]
[Result "0-1"]
[WhiteElo "2373"]
[BlackElo "2651"]
[PlyCount "82"]
[EventDate "2018.06.??"]
[EventType "swiss"]
[EventRounds "9"]
[EventCountry "USA"]

1. e4 c5 2. Nf3 d6 3. d4 cxd4 4. Nxd4 Nf6 5. Nc3 a6 6. f3 e5 7. Nb3 Be6 8. Be3
Be7 9. Qd2 O-O 10. O-O-O Nbd7 11. g4 b5 12. g5 Nh5 13. Nd5 Bxd5 14. exd5 f5 15.
Rg1 f4 16. Bf2 Bxg5 17. Na5 Bh6 18. Nc6 Qc7 19. Bh3 Ndf6 20. Qd3 Kh8 21. Kb1
Rae8 22. Rge1 g5 23. c4 bxc4 24. Qxc4 Qb7 25. Na5 Qf7 26. Be6 Qg6+ 27. Ka1 Ng7
28. Qxa6 Nxe6 29. dxe6 Qc2 30. e7 Rxe7 31. Bg1 Rc7 32. Nb3 Rc6 33. Qb5 Rfc8 34.
a3 Qg6 35. Na5 Rc2 36. Qa6 Bf8 37. Nb7 Qg8 38. Qd3 R8c3 39. Qa6 Rxb2 40. Kxb2
Qb3+ 41. Ka1 Rc2 0-1

[Event "12th Philadelphia International"]
[Site "Philadelphia"]
[Date "2018.06.29"]
[Round "2.2"]
[White "Sevian, Samuel"]
[Black "Li, Ben"]
[Result "1-0"]
[WhiteElo "2624"]
[BlackElo "2372"]
[PlyCount "91"]
[EventDate "2018.06.??"]
[EventType "swiss"]
[EventRounds "9"]
[EventCountry "USA"]

1. e4 e5 2. Nf3 Nc6 3. Bb5 a6 4. Ba4 Nf6 5. O-O Be7 6. Re1 b5 7. Bb3 d6 8. c3
O-O 9. h3 Nb8 10. d4 Nbd7 11. Nbd2 Bb7 12. Bc2 Re8 13. b3 Bf8 14. Bb2 g6 15. a4
c6 16. Bd3 Nh5 17. Qc2 Nf4 18. Bf1 Ne6 19. b4 Qb6 20. Nb3 Rac8 21. Red1 Bg7 22.
axb5 cxb5 23. Qb1 Qc7 24. d5 Nf4 25. Na5 Nb6 26. Nd2 Qd7 27. g3 Nh5 28. c4 Ba8
29. cxb5 axb5 30. Qd3 Na4 31. Qxb5 Qxb5 32. Bxb5 Nxb2 33. Rdb1 Red8 34. Rxb2 f5
35. Bc6 fxe4 36. Nxe4 Nf6 37. Nxf6+ Bxf6 38. Rb3 e4 39. Re1 Bd4 40. Rxe4 Bb6
41. Nc4 Ba7 42. b5 Bc5 43. Kg2 Rf8 44. Rf3 Rxf3 45. Kxf3 Rf8+ 46. Rf4 1-0

[Event "12th Philadelphia International"]
[Site "Philadelphia"]
[Date "2018.06.29"]
[Round "2.3"]
[White "Yu, Jennifer"]
[Black "Lenderman, Aleksandr"]
[Result "1/2-1/2"]
[WhiteElo "2358"]
[BlackElo "2615"]
[PlyCount "54"]
[EventDate "2018.06.??"]
[EventType "swiss"]
[EventRounds "9"]
[EventCountry "USA"]

1. c4 b6 2. Nc3 Bb7 3. e4 e6 4. Nf3 Nf6 5. e5 Ne4 6. Nxe4 Bxe4 7. Be2 c5 8. b3
Be7 9. Bb2 O-O 10. O-O Nc6 11. d3 Bxf3 12. Bxf3 Rc8 13. Bxc6 Rxc6 14. d4 d5 15.
cxd5 Qxd5 16. dxc5 Rxc5 17. Ba3 Rc7 18. Bxe7 Rxe7 19. Qxd5 exd5 20. f4 f6 21.
exf6 Rxf6 22. g3 Re2 23. Rf2 Rxf2 24. Kxf2 g5 25. Rd1 gxf4 26. Rxd5 fxg3+ 27.
Kxg3 a5 1/2-1/2

[Event "12th Philadelphia International"]
[Site "Philadelphia"]
[Date "2018.06.29"]
[Round "2.4"]
[White "Wang, Justin"]
[Black "Liang, Awonder"]
[Result "0-1"]
[WhiteElo "2356"]
[BlackElo "2571"]
[PlyCount "116"]
[EventDate "2018.06.??"]
[EventType "swiss"]
[EventRounds "9"]
[EventCountry "USA"]

1. e4 c5 2. Nf3 Nc6 3. Bb5 g6 4. Bxc6 bxc6 5. O-O Bg7 6. Re1 Nh6 7. c3 O-O 8.
h3 f5 9. e5 Nf7 10. d4 cxd4 11. cxd4 c5 12. d5 Bb7 13. Nc3 e6 14. h4 h6 15. Be3
Rc8 16. Qd2 Re8 17. Bf4 Qa5 18. dxe6 dxe6 19. Qe3 Qb6 20. Rad1 Red8 21. Rxd8+
Rxd8 22. Na4 Qb4 23. Nxc5 Bxf3 24. gxf3 g5 25. hxg5 hxg5 26. Bh2 f4 27. a3 Qxb2
28. Qe4 Qb6 29. Nd3 Qd4 30. Qxd4 Rxd4 31. Nc5 Nxe5 32. Kg2 Kf7 33. Rb1 Bf8 34.
Rb7+ Be7 35. Rxa7 Ng6 36. Kh3 Rd8 37. Bg1 Rh8+ 38. Kg2 Nh4+ 39. Kf1 Nxf3 40.
Ne4 g4 41. Kg2 Rd8 42. Bh2 Rd1 43. Ng5+ Nxg5 44. Bxf4 Nf3 45. Bh2 Kf6 46. Ra4
Bd6 47. Rxg4 Nxh2 48. Rh4 Rg1+ 49. Kh3 Nf3 50. Rh6+ Rg6 51. Rh8 Ng5+ 52. Kh4
Bxa3 53. Kh5 Nf7 54. Ra8 Bc5 55. Ra6 Rg5+ 56. Kh4 Bxf2+ 57. Kh3 Ne5 58. Ra3
Rg3+ 0-1

[Event "12th Philadelphia International"]
[Site "Philadelphia"]
[Date "2018.06.29"]
[Round "2"]
[White "Vorontsov, Pavlo"]
[Black "Sarkar, Justin"]
[Result "1-0"]
[WhiteElo "2564"]
[BlackElo "2297"]
[PlyCount "69"]
[EventDate "2018.06.??"]
[EventType "swiss"]
[EventRounds "9"]
[EventCountry "USA"]

1. e4 e5 2. Nf3 Nc6 3. Bc4 Bc5 4. c3 Qe7 5. d4 Bb6 6. O-O d6 7. Bb5 Bd7 8. d5
Nb8 9. a4 c6 10. Bc4 Nf6 11. a5 Bd8 12. Bg5 a6 13. Qb3 Bc8 14. Nbd2 Qc7 15.
Rfd1 h6 16. Be3 cxd5 17. Bb6 Qc6 18. Bxd5 Nxd5 19. exd5 Qb5 20. Qa3 Bxb6 21.
axb6 Nd7 22. Qxd6 Qxb6 23. Qa3 f6 24. Ne4 Kf7 25. c4 Rd8 26. c5 Qc7 27. b4 Nf8
28. b5 Bg4 29. b6 Qe7 30. h3 Bxf3 31. Qxf3 Nd7 32. Nd6+ Kf8 33. Nxb7 Nxc5 34.
Nxd8 Rxd8 35. d6 1-0

[Event "12th Philadelphia International"]
[Site "Philadelphia"]
[Date "2018.06.29"]
[Round "2"]
[White "Puranik, Abhimanyu"]
[Black "Stearman, Josiah"]
[Result "1-0"]
[WhiteElo "2507"]
[BlackElo "2285"]
[PlyCount "61"]
[EventDate "2018.06.??"]
[EventType "swiss"]
[EventRounds "9"]
[EventCountry "USA"]

1. Nf3 d5 2. g3 Nf6 3. Bg2 c6 4. O-O Bg4 5. d3 Nbd7 6. h3 Bxf3 7. Bxf3 e6 8. e4
Bd6 9. Nc3 O-O 10. d4 dxe4 11. Nxe4 Nxe4 12. Bxe4 Nf6 13. Bf3 h6 14. c3 Qc7 15.
Qc2 Rad8 16. Kg2 Rfe8 17. Re1 c5 18. dxc5 Bxc5 19. Be3 Bxe3 20. Rxe3 Nd5 21.
Rd3 Nb4 22. Rxd8 Rxd8 23. Qe4 Nd3 24. Rd1 Nc5 25. Qf4 Qb6 26. b4 Nd3 27. Qe3
Qxe3 28. fxe3 Rd7 29. Kf1 b6 30. Bc6 Rc7 31. Be4 1-0

[Event "12th Philadelphia International"]
[Site "Philadelphia"]
[Date "2018.06.29"]
[Round "2"]
[White "Colas, Joshua"]
[Black "Lou, Yiping"]
[Result "1/2-1/2"]
[WhiteElo "2285"]
[BlackElo "2484"]
[PlyCount "122"]
[EventDate "2018.06.??"]
[EventType "swiss"]
[EventRounds "9"]
[EventCountry "USA"]

1. Nf3 Nf6 2. c4 c5 3. b3 g6 4. Bb2 Bg7 5. g3 b6 6. Bg2 Bb7 7. O-O O-O 8. d4
cxd4 9. Qxd4 d6 10. Nc3 Nbd7 11. Rfd1 Rc8 12. Ne1 Bxg2 13. Nxg2 Ne5 14. f3 Qd7
15. Qf2 Qb7 16. e4 a6 17. a4 Rfd8 18. Ne3 e6 19. Rac1 Nfd7 20. f4 Nc6 21. Ba3
Nd4 22. Bxd6 Nxb3 23. Rc2 Nd4 24. Rcd2 Nb3 25. Rc2 Bxc3 26. Rxc3 Nbc5 27. e5
Ne4 28. Qg2 Ndc5 29. Bxc5 Rxd1+ 30. Nxd1 Nxc5 31. Qxb7 Nxb7 32. Rb3 Rxc4 33.
Rxb6 Rc1 34. Rxb7 Rxd1+ 35. Kg2 Rd4 36. Kh3 Rxa4 37. Kg4 Ra2 38. h4 Ra3 39. Ra7
Kg7 40. Ra8 a5 41. Ra7 a4 42. Ra8 Ra1 43. Ra7 a3 44. Kh3 h6 45. Kg2 g5 46. h5
gxf4 47. gxf4 a2 48. Ra8 f5 49. exf6+ Kxf6 50. Ra5 Ke7 51. Kh2 Kd6 52. Ra6+ Kc5
53. Kg2 Kd5 54. Ra4 Kc5 55. Ra6 Kb5 56. Ra8 Kc4 57. Ra7 Kd3 58. Ra6 Re1 59.
Rxa2 Ke4 60. Ra4+ Kf5 61. Kf3 Rf1+ 1/2-1/2

[Event "12th Philadelphia International"]
[Site "Philadelphia"]
[Date "2018.06.29"]
[Round "2"]
[White "Panchanatham, Vignesh"]
[Black "Plotkin, Mark"]
[Result "0-1"]
[WhiteElo "2431"]
[BlackElo "2250"]
[PlyCount "86"]
[EventDate "2018.06.??"]
[EventType "swiss"]
[EventRounds "9"]
[EventCountry "USA"]

1. d4 g6 2. c4 Bg7 3. e4 d6 4. Nc3 Nf6 5. f3 c6 6. Be3 a6 7. c5 b5 8. cxd6 exd6
9. Qd2 O-O 10. h4 Re8 11. Bh6 Bh8 12. h5 d5 13. hxg6 fxg6 14. e5 c5 15. Nge2
cxd4 16. Qxd4 Nc6 17. Qh4 Nxe5 18. O-O-O Nf7 19. Bf4 Bb7 20. Kb1 b4 21. Ne4
dxe4 22. Rxd8 Raxd8 23. Nc1 exf3 24. gxf3 Bxf3 25. Rh3 Bg4 26. Re3 Bf5+ 27. Ka1
Ne4 28. Qe1 g5 29. Bc7 Rc8 30. Ba5 Rc2 31. Nd3 Nfd6 32. Kb1 Rec8 33. Bxb4 Bxb2
34. Bh3 Bxh3 35. Rxh3 Bc3 36. Bxc3 Re2 37. Bd4 Nd2+ 38. Kb2 N2c4+ 39. Kb3 Nd2+
40. Kb2 N6c4+ 41. Kc2 Ne3+ 42. Kb2 Rb8+ 43. Ka3 Ndc4+ 0-1

[Event "12th Philadelphia International"]
[Site "Philadelphia"]
[Date "2018.06.29"]
[Round "2"]
[White "Mulyar, Michael"]
[Black "Zeng, Sheena"]
[Result "1-0"]
[WhiteElo "2385"]
[BlackElo "1863"]
[PlyCount "93"]
[EventDate "2018.06.??"]
[EventType "swiss"]
[EventRounds "9"]
[EventCountry "USA"]

1. d4 Nf6 2. Nf3 d5 3. c4 e6 4. g3 dxc4 5. Bg2 Nc6 6. O-O Rb8 7. Be3 Bd6 8.
Nfd2 O-O 9. Nxc4 Ne7 10. Bg5 Nd7 11. e4 f6 12. Be3 Nb6 13. Nbd2 Nxc4 14. Nxc4
b5 15. Na5 c6 16. Qd2 Bd7 17. Rac1 Bc7 18. Nb3 Nc8 19. Nc5 Nd6 20. b3 a5 21.
Nxd7 Qxd7 22. Qc2 Rb6 23. d5 Ra6 24. dxc6 Qe7 25. Qe2 a4 26. Rfd1 axb3 27. axb3
Rd8 28. Bc5 e5 29. Bxd6 Rxd6 30. Rxd6 Qxd6 31. Qxb5 Rb6 32. Qd5+ Qxd5 33. exd5
Rb8 34. Bh3 Kf8 35. d6 Bxd6 36. c7 Bxc7 37. Rxc7 Rxb3 38. Bf5 h6 39. Kg2 Rb6
40. h4 Rd6 41. Kf3 Rd4 42. h5 Rb4 43. Bg6 Rd4 44. Rf7+ Kg8 45. Re7 Rd8 46. Re8+
Rxe8 47. Bxe8 1-0

[Event "12th Philadelphia International"]
[Site "Philadelphia"]
[Date "2018.06.29"]
[Round "2"]
[White "Bellahcene, Bilel"]
[Black "Chasin, Nico"]
[Result "1/2-1/2"]
[WhiteElo "2495"]
[BlackElo "2123"]
[PlyCount "57"]
[EventDate "2018.06.??"]
[EventType "swiss"]
[EventRounds "9"]
[EventCountry "USA"]

1. e4 e6 2. d4 d5 3. Nc3 dxe4 4. Nxe4 Nd7 5. Nf3 Ngf6 6. Bg5 Be7 7. Nxf6+ Nxf6
8. Bd3 c5 9. Qe2 cxd4 10. O-O-O h6 11. Bb5+ Bd7 12. Bxf6 Bxf6 13. Nxd4 Bxd4 14.
Bxd7+ Qxd7 15. c3 Rc8 16. Kb1 O-O 17. Rxd4 Qc7 18. Qe3 Rfd8 19. Rxd8+ Rxd8 20.
h4 Qc6 21. f3 a5 22. Rc1 Qc4 23. h5 a4 24. Re1 b5 25. Qe4 Qc5 26. g4 Rd2 27.
Qa8+ Kh7 28. Qe4+ Kg8 29. Qa8+ 1/2-1/2